000 00655nam a22001697a 4500
005 20251108171224.0
008 250721s1990 xx 000 0 ara d
082 1 4 _a210.423326/صاو
100 1 _aالصاوي، محمد صلاح محمد
245 1 0 _aمشكلة الإستثمار في البنوك الإسلامية و كيف علاجها الإسلام /
264 1 _aالمدينة المنورة :
_bدار المجتمع للنشر و التوزيع،
_c1990.
300 _a767ص.
490 0 _aأضواء على الإقتصاد الإسلامي؛13
650 1 7 _aالمالية في الإسلام
942 _2ddc
_cBK
999 _c59706
_d59706